000 00319nam a22001457a 4500
020 _a978-9353166298
041 _aENG
100 _aSubramanya.K
245 _aFlow in Open Channels
250 _aSecond Edition
260 _aNew Delhi
_bTata McGraw Hill
_c2000
300 _a529
650 _aIDE
856 _uICE ( 18 )
999 _c1486
_d1486